| 000 | 01304cam a2200325 a 4500 | ||
|---|---|---|---|
| 999 |
_c6638 _d6638 |
||
| 003 | OSt | ||
| 005 | 20200304165158.0 | ||
| 008 | 140812s2013 ck a gr 001 0 spa d | ||
| 015 | _aNSN | ||
| 020 | _a9789587620856 | ||
| 040 |
_aCO-BoBLA _bspa _cCO-JMCR _dCO-BoPUJ |
||
| 041 | _aspa | ||
| 082 | 0 | 4 |
_a005.8 / _bG652a _223 |
| 100 | 1 |
_aGómez Vieites, Álvaro, _eautor _91181 |
|
| 245 | 1 | 0 |
_aAuditaría de seguridad informática / _cÁlvaro Gómez Vieites |
| 250 | _aPrimera edición | ||
| 260 |
_aBogotá : _bEdiciones de la U, _c2013 |
||
| 300 |
_a147 páginas : _bilustraciones y fotografías a blanco y negro ; _c24 cm. |
||
| 490 | 0 | _aInformática | |
| 500 | _aIncluye datos biográficos del autor en página 9. | ||
| 504 | _aBibliografía: páginas 141-142. | ||
| 520 | _aVulnerabilidad de los sistemas informáticos -- Análisis de vulnerabilidades -- Virus informático y otros códigos -- Delitos informáticos -- El marco legal de la protección de datos personales -- Contra fuego de red | ||
| 546 | _aspa | ||
| 650 | 1 | 4 |
_aSeguridad en computadores _xAuditoría _91182 |
| 650 | 2 | 4 |
_aVirus informáticos _91183 |
| 650 | 2 | 4 |
_aInformática _xMedidas de seguridad _xAuditoría _91184 |
| 650 | 2 | 4 |
_aDelitos por computador _91185 |
| 650 | 2 | 4 |
_aProtección de datos _91186 |
| 942 |
_2ddc _cBK |
||